00978cam a2200265Mi 450000500170000000800410001702000180005802000150007603500210009104000500011204100080016210000210017024500780019125000110026926000630028030000400034350400530038365000420043665000480047865000460052665000440057265000340061665100440065070000180069420150602112426.0150602r2015 xxua frb 001 0 eng d a9780199340255 a0199340250 a(OCoLC)893858308 aCO-BoUCMbspacJose A. GerenadJose A. Gerena0 aeng1 aVanden, Harry E.10aPolitics of Latin Americabthe power game cHarry E. Vanden, Gary Prevost a5th ed aNueva York (Estados Unidos)bOxford University pressc2015 axxvii, 636 páginasbilustraciones aIncluye referencias bibliográficas e índices 7aCiencia política zAmérica Latina 7aPolítica internacional zAmérica Latina 7aPolítica económica zAmérica Latina 7aSistemas de gobierno zAmérica Latina 7aDemocracia zAmérica Latina 4aAmérica LatinaxPolítica y gobierno1 aPrevost, Gary